| 000 | 00727nam a2200265Ia 4500 | ||
|---|---|---|---|
| 003 | OSt | ||
| 005 | 20220928115710.0 | ||
| 006 | a|||||r|||| 00| 0 | ||
| 007 | ta | ||
| 008 | 220927b |||||||| |||| 00| 0 eng d | ||
| 024 | _a20923 | ||
| 037 | _cTextual | ||
| 040 |
_aSDCL _cSDCL _beng |
||
| 041 |
_2eng _aeng |
||
| 082 | _aR:(O), P9 | ||
| 100 |
_aLamarque Peter _9445680 |
||
| 245 | 0 | _aPhilosophy of literature | |
| 260 |
_aMalden _bBlackwell _c2009 |
||
| 300 |
_axi,329p. _ccm. |
||
| 490 | _aFoundations of the philosophy of the arts. | ||
| 650 |
_a Philosophy- Literature _9445681 |
||
| 650 |
_aLamarque Peter _9445682 |
||
| 942 |
_hR:(O), P9 _cTEXL _2CC |
||
| 999 |
_c760583 _d760583 |
||